[Event "GER-ch U14"]
[Site "Willingen"]
[Date "2020.10.20"]
[Round "1"]
[White "Sallandt, Frido"]
[Black "Haack, Kevin"]
[Result "0-1"]
[WhiteElo "1770"]
[BlackElo "2209"]
[PlyCount "84"]
[EventDate "2020.10.19"]
[EventType "swiss"]
[EventRounds "7"]
[EventCountry "GER"]
[SourceTitle "EXT 2022"]
[Source "ChessBase"]
[SourceDate "2021.10.06"]
[SourceVersion "1"]
[SourceVersionDate "2021.10.06"]
[SourceQuality "1"]

1. e4 c5 2. Nc3 Nc6 3. g3 g6 4. Bg2 Bg7 5. d3 d6 6. Be3 e6 7. Qd2 Rb8 8. Nge2 Nd4 9. 0-0 b5 10. f4 Ne7 11. Nd1 b4 12. Bxd4 cxd4 13. Nf2 0-0 14. Kh1 Qc7 15. Nh3 Bd7 16. Ng5 Rfc8 17. Rfc1 Rb5 18. Nf3 Qb6 19. g4 e5 20. f5 Rbc5 21. Ng3 Ba4 22. b3 Bd7 23. Ne1 Ra5 24. Nf3 f6 25. h4 gxf5 26. gxf5 Be8 27. Bh3 Kh8 28. h5 Ng8 29. Qg2 Rac5 30. Ne1 R5c7 31. a4 Bh6 32. Rcb1 Bf4 33. h6 Nxh6 34. Qf3 Rg7 35. Nh5 Bxh5 36. Qxh5 Rg5 37. Qxh6 Rg1+ 38. Kxg1 Bxh6 39. a5 Qc7 40. Rd1 Qg7+ 41. Bg2 Be3+ 42. Kh2 Qh6+ 0-1

[Event "GER-chT School WK 2"]
[Site "Playchess.com INT"]
[Date "2020.06.15"]
[Round "6.1"]
[White "Hahn, Sebastian"]
[Black "Sallandt, Frido"]
[Result "0-1"]
[WhiteElo "1505"]
[BlackElo "1988"]
[PlyCount "78"]
[EventDate "2020.06.08"]
[EventType "team-swiss (blitz)"]
[EventRounds "7"]
[EventCountry "GER"]
[SourceTitle "EXT 2021"]
[Source "ChessBase"]
[SourceDate "2020.10.23"]
[SourceVersion "1"]
[SourceVersionDate "2020.10.23"]
[SourceQuality "1"]
[WhiteTeam "NDS W Raabe Gymn"]
[BlackTeam "Leibniz Gymn"]
[WhiteTeamCountry "GER"]
[BlackTeamCountry "GER"]

1. d4 d5 2. c4 c6 3. Nc3 Nf6 4. Nf3 dxc4 5. e4 b5 6. Bg5 e6 7. e5 h6 8. exf6 hxg5 9. fxg7 Bxg7 10. Ne5 Bxe5 11. dxe5 Qxd1+ 12. Rxd1 Nd7 13. g3 Rb8 14. Bg2 Bb7 15. 0-0 Nxe5 16. Ne4 Ke7 17. Nxg5 c5 18. Ne4 Nd3 19. Rd2 f5 20. Nc3 Bxg2 21. Kxg2 Rhd8 22. Rfd1 Rb7 23. b3 Rbd7 24. Kf1 a6 25. bxc4 b4 26. Nb1 Ne5 27. Rxd7+ Rxd7 28. Nd2 Nxc4 29. Ke2 Nxd2 30. Rxd2 Rxd2+ 31. Kxd2 c4 32. h4 a5 33. f3 Kf6 34. g4 fxg4 35. fxg4 a4 36. Kc2 b3+ 37. Kb2 e5 38. h5 bxa2 39. Kxa2 e4 0-1

[Event "GER-ch U10"]
[Site "Willingen"]
[Date "2016.05.17"]
[Round "5.20"]
[White "Sallandt, Frido"]
[Black "Theile, Cedric"]
[Result "0-1"]
[WhiteElo "1080"]
[BlackElo "1287"]
[PlyCount "56"]
[EventDate "2016.05.15"]
[EventType "swiss"]
[EventRounds "11"]
[EventCountry "GER"]
[SourceTitle "CBM 172 Extra"]
[Source "ChessBase"]
[SourceDate "2016.06.21"]
[SourceVersion "1"]
[SourceVersionDate "2016.06.21"]
[SourceQuality "1"]

1. e4 c5 2. Nc3 e6 3. Bc4 a6 4. d3 b5 5. Bb3 Bb7 6. f4 d6 7. Nf3 Nd7 8. 0-0 Be7 9. a3 Qb6 10. Kh1 Ngf6 11. Qe2 Qc7 12. Re1 0-0 13. f5 e5 14. Qf2 Nh5 15. Ne2 Kh8 16. Bg5 Bxg5 17. Nxg5 h6 18. Nxf7+ Kh7 19. f6 Nhxf6 20. g4 c4 21. Qh4 Rxf7 22. Rf1 Nf8 23. g5 Ng6 24. Qh3 Bc8 25. Qe3 Ng4 26. Qg3 hxg5 27. Qh3+ Nh4 28. Qg3 Kg6 0-1